=LDR 00000nam 2200000 4500 =001 INLIS000000000010851 =005 20130612102448 =008 ***********************************Ind** =035 ##$$0010-061300000010851 =041 ##$$a Ind =082 ##$$a 362.1 =090 ##$$a 362.1, Sci m =100 ##$$a Sciortino,Rosalia =245 ##$$a menuju kesehatan Madani, Rosalia Scioartino =260 ##$$a 1999 $b Yogyakarta =300 ##$$a XXXIV-324 hlm, Ilus, 21 cm =650 ##$$a Pelajaran kesehatan =850 ##$$a NBPNMAT